000 00655nam a2200181 i 4500
001 46599
003 ES-MaACL
005 20230906161420.0
007 t|
008 030331s1858 be |||| | fre d
111 2 _aCongrés International de Bienfaisance (
_cFrancfort-sur-le-Main)
_9167514
245 1 0 _aSesion de 1857 /
_cCongrés International de Bienfaisance de Francfort-sur-le-Main.
260 _a[Bruxelles :
_bs.n.,
_c1858] (
_fImp. Th. Lesigne)
300 _a2 v. ;
_c22 cm.
650 4 _aEstablecimientos penitenciarios-
_vCongresos y asambleas.
_9163123
650 4 _aBeneficencia.
_9135682
852 _aES-MaACL
_jD-168-69
_z. - Donativo Lastres
999 _c46599
_d46599